Valuations that mean buyers are flat broke (Record no. 76287)
[ view plain ]
| 000 -LEADER | |
|---|---|
| fixed length control field | 01164cab a2200181 4500 |
| 001 - CONTROL NUMBER | |
| control field | ##L131903 |
| 008 - FIXED-LENGTH DATA ELEMENTS--GENERAL INFORMATION | |
| fixed length control field | 051215n2005 000 0 eng u |
| 035 ## - SYSTEM CONTROL NUMBER | |
| System control number | (Sirsi) u131903 |
| 041 0# - LANGUAGE CODE | |
| Language code of text/sound track or separate title | eng |
| 100 1# - MAIN ENTRY--PERSONAL NAME | |
| Personal name | Barnard, Lucy |
| 245 00 - TITLE STATEMENT | |
| Title | Valuations that mean buyers are flat broke |
| 260 ## - PUBLICATION, DISTRIBUTION, ETC. | |
| Date of publication, distribution, etc. | 2005 |
| 490 #0 - SERIES STATEMENT | |
| Series statement | Estates Gazette |
| Volume/sequential designation | (0549) 10 December 2005, 52-55(4) |
| 520 ## - SUMMARY, ETC. | |
| Summary, etc. | Looks at the strained relations between RICS and the Council of Mortgage Lenders (CML) who claims that RICS-accredited surveyors are miscalculating the values of new-build flats, leaving both lenders and the public out of pocket. CML is complaining that this situation has not yet been addressed by RICS and other key bodies. Mortgage Works, a specialist mortgage lender of the Portman Building Society, is stopping all lending on new-build buy-to-let properties because valuation in the sector is more of an art than a science. Considers the position of the valuer and how fraudulent valuations work with undeclared incentives undermining transparency. |
| 590 ## - LOCAL NOTE (RLIN) | |
| Local note | IKA030106 |
| 690 ## - LOCAL SUBJECT ADDED ENTRY--TOPICAL TERM (OCLC, RLIN) | |
| Topical term or geographic name as entry element | PROPERTY-RESIDENTIAL PROPERTY-RESIDENTIAL PROPERTY APPRAISAL AND VALUATION |
| 942 ## - ADDED ENTRY ELEMENTS (KOHA) | |
| Suppress in OPAC | 0 |
| Withdrawn status | Lost status | Source of classification or shelving scheme | Damaged status | Not for loan | Home library | Current library | Shelving location | Date acquired | Total Checkouts | Full call number | Barcode | Date last seen | Copy number | Price effective from | Koha item type |
|---|---|---|---|---|---|---|---|---|---|---|---|---|---|---|---|
| Dewey Decimal Classification | London | London | Journal article | 15/12/2005 | L131903 | 131903-1001 | 06/08/2019 | 1 | 06/08/2019 | Journal article |